The fundementals of statistics

Αποθηκεύτηκε σε:
Λεπτομέρειες βιβλιογραφικής εγγραφής
Κύριος συγγραφέας: Thurstone, L. L. (Louis Lean) 1887-1955
Μορφή: Βιβλίο
Γλώσσα:English
Δημοσίευση: New York : The MacMillan Company, c1925
Σειρά:Experimental education series
Θέματα:
Ετικέτες: Προσθήκη ετικέτας
Δεν υπάρχουν, Καταχωρήστε ετικέτα πρώτοι!

MARC

LEADER 00000nam a2200000 i 4500
001 1/68038
008 990127s1925 eng d
035 |l 10047581 
040 |a GR-MY-UA  |b gre  |e aacr 
041 0 |a eng 
082 0 |a 519.5 
100 1 |a Thurstone, L. L.  |q (Louis Lean)  |d 1887-1955. 
245 1 4 |a The fundementals of statistics /  |c by L.L. Thurstone 
260 |a New York :   |b The MacMillan Company,   |c c1925 
300 |a xvi, 237 p. 
490 1 |a Experimental education series 
504 |a Included index 
650 0 0 |a Statistics  |x Problems, exercises, etc. 
830 0 |a Experimental education series 
852 |a INST  |b CHIOS  |e 19990127  |h 519.5 THU  |p 005200014964  |q 005200014964  |t BK  |y 0 
901 |a BIBL-1999-1 
909 |a Χ  |b 055257 
922 |a 2ΔΩΡ  |b 199901  |d ΛΕΜΟΝΙΑ